000 01037naa a22002657a 4500
001 BR8001969
003 BR-BrBNA
005 20240918174543.0
007 ta
008 230509b bl.||||| |||| 00| 0 por d
040 _aBR-BrBNA
_bpor
_cBiblioteca Nacional de Agricultura
041 _a(Pt)
072 _aU20; A00
_b/G514
090 _aU20 BR8001969
100 1 _aBotto, C.H.
111 1 _a2. Seminario sobre a Documentacao Automatizada
_cSao Paulo, SP (Brazil)
_d23 Jun 1980
245 1 _aEMBRAPA Empresa Brasileira de Pesquisa Agropecuaria. DID Departamento de Informacao e Documentacao [Agricultura; Documentacao; Brasil]
260 3 _aSao Paulo, SP (Brasil):
_c1980.
500 _a2. Seminario sobre a Documentacao Automatizada Sao Paulo, SP (Brasil): 1980. p. 50-54 (BR8001969-AM)U20
650 _aDocumentacao
650 _aAgricultura
773 0 _t2. Seminario sobre a Documentacao Automatizada
_wU20 BR8001969
_gSao Paulo, SP (Brasil), 1980. p. 50-54
909 _a202404
_bLucia
_c55
_dLucia Elande
942 _cAM
_2AGRIS
999 _c311966
_d311966